Profil, štruktúra a vývoj trhu personálno-poradenských služieb diplomová práca

Gespeichert in:
Bibliographische Detailangaben
1. Verfasser: Novotová, Jana
Körperschaft: Obchodná fakulta EU. Katedra služieb a cestovného ruchu - zrušené
Weitere Verfasser: Krošláková, Monika, 1975-
Format: Buch
Sprache:Slowakisch
Veröffentlicht: Bratislava 2015
Tags: Tag hinzufügen
Keine Tags, Fügen Sie das erste Tag hinzu!

MARC

LEADER 00000nbm a2200000 4500
001 0201513
005 20161212104511.9
041 0 |a slo 
044 |a SK 
245 1 0 |a Profil, štruktúra a vývoj trhu personálno-poradenských služieb  |b diplomová práca  |c Jana Novotová ; školiteľ: Monika Krošláková 
264 1 |a Bratislava  |c 2015 
300 |a 73 s. 
100 1 |a Novotová, Jana 
700 1 |a Krošláková, Monika, 1975- 
710 2 |a Obchodná fakulta EU. Katedra služieb a cestovného ruchu - zrušené